000 00268 a2200109 4500
020 _a0852974485
090 _c192
_d192
100 _aBrain Coyle
245 _aCash collectin & transmission
260 _aCanterbury
_bCIB Publishing
_c2000
942 _aNBS
_cBK
_k658.15 COY
999 _c342766
_d342766